Statistiques concernant QCM Première guerre mondiale.

Cliquez ici pour prendre le quiz!

Statistiques générales

  • Ce quiz a été pris 4 179 fois
    (3 388 depuis la dernière actualisation)
  • Le résultat moyen est 14 sur 20

Statistiques - réponses

QuestionRéponse% Correct
Quel évenement déclenche la Première guerre mondiale?L'assassinat de l'héritier de l'Empire d'Autriche-Hongrie.
95%
Quels territoires les Allemands ont-ils pris aux Français en 1870 ?L'Alsace et la Moselle
94%
Comment sont surnommés les soldats français durant ce conflit?Les Poilus
90%
Quels pays a rejoint les Alliés en 1917?Les États-Unis
88%
Quel traité mets fin à la guerre avec l'Allemagne?Le traité de Versailles
88%
Quand est signée l'armistice?11 novembre 1918
87%
Où a lieu cet évènement?A Sarajevo en Bosnie
86%
Quel type d'engin militaire a été conçu et développé durant cette guerre?Le char
83%
Quel empire intercontinental était allié au forces de l'Axe?Empire Ottoman
82%
De quel état François-Joseph était-il le souverain?Autriche-Hongrie
81%
Quels pays faisaient respectivement partie de la Triple-Entente et de la Triplice?Russie,France et Royaume-Uni vs Allemagne, Autriche-Hongrie et Italie
80%
Quels sont les avantages de la France et du Royaume-Uni au début de la guerre?Ce sont les deux plus grand empire coloniaux de l'époque
79%
Quelle fût la bataille la plus longue de la guerre?La bataille de Verdun
74%
Quelle conséquence sur l'Europe la guerre a-t-elle eu?La disparition des empires centraux
63%
A quelle date a-t-il eu lieu?Le 28 juin 1919
56%
Quel est le président de la république française durant la guerre?Raymond Poincaré
50%
Quel aviateur a obtenu le plus victoires homologuées durant cette guerre? (80 victoires)Manfred von Richthofen
44%
Quelle est la première grande bataille de la guerre?La bataille de la Marne
41%
Quels sont les avantages de l'Allemagne et de l'Autriche-Hongrie?Ils ont les meilleurs armées du monde
21%
Pour quelle raison la Russie quitte-elle le conflit en 1917?Un coup-d'état a pris le pouvoir
12%

Distribution des résultats

Percentile par nombre de réponses

% des personnes avec chaque résultat

Votre développement - résultats

Vous n’avez pas pris ce quiz depuis la dernière actualisation